| 000 | 00506nam a22001697a 4500 | ||
|---|---|---|---|
| 003 | BD-ChCU | ||
| 005 | 20260304120243.0 | ||
| 008 | 260304b bg ||||| |||| 00| 0 ben d | ||
| 040 | _cBD-ChCU | ||
| 082 | _a320.92 ROT | ||
| 100 |
_aTaylor, Myron C. _920758 |
||
| 245 |
_aWartime correspondence between president Roosevelt and Pope Pius XII.// _cTaylor, Myron C. |
||
| 260 |
_aNew York _bMacmillan. _c1947 |
||
| 300 | _a127p | ||
| 650 | 0 |
_aRoosevelt, Franklin. D. Press U. S. _920759 |
|
| 942 |
_2ddc _cBK _n0 |
||
| 999 |
_c111828 _d111828 |
||